000
00298nam a2200121Ia 4500
008
241015s9999 xx 000 0 und d
041
_a
eng
082
_a
658.872 JEL
100
_a
Tawfik Jelassi
245
_a
Strategies For E-Business
260
_b
Springer
_a
London
_c
2023
300
_a
795;. P 22 cm
999
_c
41700
_d
41700